| Tag |
First Indicator |
Second Indicator |
Subfields |
| LEADER |
00000cam a2200000 a 4500 |
| 001 |
in00000010631 |
| 005 |
20151007051420.0 |
| 008 |
870811s1987 wb ac b 00100 eng |
| 010 |
|
|
|a 87023340
|
| 020 |
|
|
|a 0387181237 (U.S.)
|
| 035 |
|
|
|a (OCoLC)16580556
|
| 035 |
|
|
|9 AAA2854AM
|
| 040 |
|
|
|a DLC
|c DLC
|d TXA
|d UtOrBLW
|
| 049 |
|
|
|a TXAM
|c [A12637488]
|
| 050 |
0 |
0 |
|a QH611
|b .C97 1987
|
| 082 |
0 |
|
|a 574.87/2
|2 19
|
| 245 |
0 |
0 |
|a Cytomechanics :
|b the mechanical basis of cell form and structure /
|c J. Bereiter-Hahn, O.R. Anderson, W.-E. Reif, eds.
|
| 264 |
|
1 |
|a Berlin ;
|a New York :
|b Springer-Verlag,
|c [1987]
|
| 264 |
|
4 |
|c ©1987
|
| 300 |
|
|
|a xviii, 294 pages :
|b illustrations, 1 portrait ;
|c 25 cm.
|
| 336 |
|
|
|a text
|b txt
|2 rdacontent
|
| 337 |
|
|
|a unmediated
|b n
|2 rdamedia
|
| 338 |
|
|
|a volume
|b nc
|2 rdacarrier
|
| 504 |
|
|
|a Includes bibliographies and index.
|
| 650 |
|
0 |
|a Cells
|x Morphology.
|
| 650 |
|
0 |
|a Cytoskeleton.
|
| 650 |
|
0 |
|a Biomechanics.
|
| 700 |
1 |
|
|a Bereiter-Hahn, J.
|q (Jürgen)
|
| 700 |
1 |
|
|a Anderson, O. Roger,
|d 1937-
|
| 700 |
1 |
|
|a Reif, Wolf-Ernst.
|
| 999 |
|
|
|a MARS
|
| 999 |
f |
f |
|s a0f58995-0515-3532-bced-5377d97e359a
|i f4743d76-ec33-3d97-9472-3f60edc246da
|t 0
|
| 952 |
f |
f |
|p ric
|a Texas A&M University
|b Rellis Campus
|c Joint Library Facility
|d Remote Storage
|t 0
|e QH611 .C97 1987
|h Library of Congress classification
|i unmediated -- volume
|m A14812637488
|
| 998 |
f |
f |
|a QH611 .C97 1987
|t 0
|l Remote Storage
|